[Event "DEN-chT XtraCon 2018-19"]
[Site "Denmark"]
[Date "2018.10.28"]
[Round "2"]
[White "Kristensen, Bjarke Hautop"]
[Black "Hansen, Mads"]
[Result "0-1"]
[WhiteElo "2207"]
[BlackElo "2385"]
[Annotator "TA"]
[PlyCount "138"]
[EventDate "2018.10.27"]
[EventType "team-tourn"]
[EventCountry "DEN"]
[SourceTitle "playchess.com"]
[Source "ChessBase"]
[SourceQuality "1"]

{[%evp 24,138,33,29,44,43,64,61,105,105,107,112,90,74,81,55,95,55,60,24,37,35,35,28,75,66,182,13,28,27,18,-89,-14,-369,-13,-10,-14,-55,-54,-47,-47,-56,-6,-21,0,-72,-72,-72,-79,-79,0,0,0,-102,-102,-102,-102,-102,-104,-105,-97,-103,-104,-95,-19,-19,-19,-19,-8,-8,-8,-73,-73,-253,-97,-253,-273,-277,-215,-285,-278,-704,-800,-1084,-594,-1144,-647,-1217,-1004,-1151,-1150,-1085,-88,-1318,-858,-1310,-1173,-1260,-1071,-1270,-1215,-1225,-1217,-1162,-970,-1169,-1103,-1047,-1039,-922,-898,-925,-913,-745,-640,-4133,-1950]} 1. Nf3 Nf6 2. c4 e6 3. Nc3 d5 4. e3 dxc4 5. Bxc4 a6 6. a4 c5 7. d4 Nc6 8. O-O Be7 9. Qe2 cxd4 10. exd4 O-O 11. Rd1 Nb4 12. Bg5 Nbd5 13. Ne5 {LiveBook: 12 Games} h6 {D27: Queen's Gambit Accepted: Classical main line: 7 e4!? and 7 a4} (13... Nxc3 14. bxc3 Nd5 15. Bd2 Bd6 16. Bd3 Qc7 17. c4 Ne7 18. Qh5 g6 19. Qh4 Nf5 20. Bxf5 exf5 21. Bh6 {1-0 (32) Naumkin,I (2473)-Mrdja,M (2402) Cesenatico 2011}) 14. Bh4 Qa5 $146 ({Predecessor:} 14... Nb6 15. Bd3 Nfd5 16. Bg3 Bb4 17. Rac1 Bxc3 18. bxc3 Nxa4 19. Bb1 Nab6 20. c4 Nf6 21. Bh4 Qe7 22. Ng4 Nbd7 23. Qc2 Rd8 24. Re1 Nf8 25. d5 Qd6 26. Bxf6 gxf6 27. Nxf6+ {1-0 (27) Vasilevich,T (2368)-Ozturk,K (2254) Beijing 2008}) 15. Qf3 Nxc3 {White is slightly better.} 16. bxc3 {[%cal Bb2c3,Bc3c4,Bc4d5,Bd5d6][%mdl 32]} Nd5 17. Bxe7 Nxe7 18. Bb3 Qc7 19. Rac1 Bd7 20. c4 Rad8 21. Qe2 Qa5 22. d5 exd5 23. cxd5 {Strongly threatening d6.} Nf5 24. d6 $1 {Black must now prevent Ng6.} Rde8 (24... Bxa4 $14 25. Bxa4 Qxa4) 25. Nc4 $2 ({White must play} 25. Rd5 $18 Qb4 26. Qd1) 25... Qb4 $11 26. Qd3 {Hoping for Rb1.} Be6 $1 27. Rc3 (27. Bc2 $11) 27... Rd8 (27... Rc8 $17 28. Rdc1 Rfd8) 28. Bc2 $2 {[%mdl 8192]} (28. g4 $11 {and White is okay.} Nxd6 29. Nxd6 Rxd6 30. Qxd6 Qxc3 31. Bxe6 fxe6 32. Qxe6+ Kh8 33. Qe3) 28... g6 $2 (28... b5 $19 29. axb5 axb5) 29. Rb1 Bxc4 30. Qxc4 Qxc4 31. Rxc4 Nxd6 32. Rd4 Rfe8 33. g3 Kf8 34. Bd3 (34. Rbd1 $11 Ke7 35. Re1+ Kf8 36. Red1) 34... Nc8 $17 35. Rxd8 Rxd8 {[%mdl 4096] Endgame KRB-KRN} 36. Be4 b6 ({Black should try} 36... Nd6 $1 $17 {[%cal Rd6e4]} 37. Bxb7 Nxb7 38. Rxb7 Rd4) 37. Bb7 $11 a5 38. Bxc8 (38. Ba6 $1 $11) 38... Rxc8 $17 39. Rxb6 $11 {KR-KR} Rc4 40. Ra6 Rxa4 41. Kg2 h5 42. h4 Ra1 {...a4 is the strong threat.} 43. Kf3 Ke7 ({Black should play} 43... a4 $17 {Threatens to win with ...a3.} 44. Ra8+ Kg7) 44. Kf4 $1 Ra2 45. f3 $1 a4 {[%cal Ba5a4,Ba4a3,Ba3a2][%mdl 32] aiming for ...Kf8.} 46. Ke5 Ra3 47. Ra7+ (47. Kf4 $1 $11 {keeps the balance.}) 47... Kf8 $17 48. Kf4 $2 (48. f4 $17 {was the only defense.}) 48... Ra1 $1 $19 {And now ...a3 would win.} 49. Ra8+ $2 {[#]} (49. Ke5 $17 {only move.}) 49... Kg7 $1 50. Ra7 a3 51. Ra6 f6 52. Ra8 $2 (52. Re6) 52... a2 53. Ra7+ Kf8 54. Ra8+ Ke7 55. Ra7+ Kd6 56. Ra6+ Kc5 57. Ra5+ Kb4 $2 (57... Kc4 $19 {has better winning chances.} 58. Ra8 Kd3 59. Ra3+ Kc2) 58. Ra8 $2 {[%mdl 8192]} (58. Ra6 $17) 58... Kb3 {Black is clearly winning.} 59. Rb8+ Kc2 60. Rc8+ Kd2 {( -> ...Rb1)} 61. Ra8 Ke2 62. Ra5 Kf2 63. Ra3 Kg2 64. Ra4 Kh3 65. Ra3 Rb1 66. Rxa2 Rb4+ 67. Ke3 Kxg3 68. Ra1 Kxh4 69. Rg1 {[#]} g5 $1 {Precision: White = 31%, Black = 62%.} 0-1

[Event "DEN-chT XtraCon 2018-19"]
[Site "Denmark"]
[Date "2018.10.28"]
[Round "2"]
[White "Pedersen, Gunnar"]
[Black "Percivaldi, Martin"]
[Result "0-1"]
[WhiteElo "2196"]
[BlackElo "2390"]
[Annotator "TA"]
[PlyCount "82"]
[EventDate "2018.10.27"]
[EventType "team-tourn"]
[EventCountry "DEN"]
[SourceTitle "playchess.com"]
[Source "ChessBase"]
[SourceQuality "1"]

{[%evp 20,82,19,21,12,13,42,32,40,9,0,0,39,-63,0,-5,-5,0,0,-17,0,0,0,7,33,16,10,-46,-52,-53,-61,-53,-56,-62,-61,-77,-36,-97,-102,-97,-100,-77,-101,-99,-78,-129,-141,-137,-147,-169,-162,-210,-222,-198,-152,-175,-187,-202,-164,-196,-203,-387,-387,-636,-633]} 1. d4 Nf6 2. Nf3 d5 3. c4 c6 4. e3 Bf5 5. Bd3 Bxd3 6. Qxd3 e6 7. Nc3 Bb4 8. O-O O-O 9. Bd2 a5 {D12: Slav Defence: 3 Nf3 Nf6 4 e3 Bf5} 10. a3 Bxc3 11. Bxc3 {LiveBook: 3 Games} a4 $146 {The position is equal.} ({Predecessor:} 11... Nbd7 12. a4 Ne4 13. b3 Nxc3 14. Qxc3 Qe7 15. Rfd1 Rfc8 16. Rac1 h6 17. Ne1 Nf6 18. Nd3 Ne4 19. Qc2 Rd8 20. f3 Nd6 21. Qc3 Nf5 22. Nf4 Qg5 23. Kf2 Qh4+ 24. Kg1 Qg5 25. Kf2 Qh4+ 26. Kg1 Qg5 {½-½ (26) Vazquez Igarza,R (2574)-Volkov,S (2637) Linares 2017}) 12. Nd2 Qb6 13. e4 Qa6 14. Bb4 Re8 15. Rac1 Nbd7 16. Qf3 (16. e5 $14 dxc4 17. Qf3) 16... dxe4 (16... e5 $15) 17. Nxe4 $11 Nxe4 18. Qxe4 Rad8 19. Rfd1 {[%cal Bf1d1,Bd1d3,Bd3g3][%mdl 32]} Nf6 20. Qe5 Rd7 21. Rd3 {Strongly threatening Rg3.} Red8 22. Rg3 {White threatens Rxg7+! and mate.} Ne8 $1 23. Bc3 ({White should try} 23. Rg4 $11) 23... Qxc4 $15 {[%cal Rd7d4]} 24. d5 $1 Rxd5 25. Rxg7+ $1 Kf8 26. Rg8+ $1 Ke7 27. Qe1 {[#]} Qf4 $1 {[%cal Rf4c1]} 28. h3 {[#]} (28. Bb4+ $15 Nd6 29. Rg3) 28... Qxc1 $1 $17 {[%mdl 512]} 29. Qxc1 ({Avoid the trap} 29. Rxe8+ $2 Kxe8 30. Qxc1 Rd1+ 31. Qxd1 Rxd1+ $19) 29... Rd1+ 30. Qxd1 Rxd1+ {[%mdl 4096] Endgame KRB-KRN} 31. Kh2 Rd5 32. Rg4 (32. Rh8 $142) 32... b5 33. Rh4 h5 34. g4 hxg4 35. Rxg4 Nf6 36. Rh4 e5 37. Kg2 Ke6 38. Kf3 Rd8 39. Rh6 Kf5 40. Rh4 $2 (40. h4) 40... c5 $19 41. Ke2 $2 (41. Kg2) 41... Kg5 {Precision: White = 44%, Black = 52%.} 0-1

[Event "DEN-chT XtraCon 2018-19"]
[Site "Denmark"]
[Date "2018.10.28"]
[Round "2"]
[White "Grubert, Christian"]
[Black "Haubro, Sigfred"]
[Result "1/2-1/2"]
[WhiteElo "2148"]
[BlackElo "2130"]
[Annotator "TA"]
[PlyCount "86"]
[EventDate "2018.10.27"]
[EventType "team-tourn"]
[EventCountry "DEN"]
[SourceTitle "playchess.com"]
[Source "ChessBase"]
[SourceQuality "1"]

{[%evp 15,86,50,62,55,60,50,77,42,43,34,39,45,81,76,84,29,39,0,43,43,50,51,45,62,87,37,35,30,29,31,26,15,39,37,37,37,41,40,45,19,58,51,63,45,55,46,57,49,51,52,78,77,80,78,70,72,88,90,107,109,104,31,38,52,42,51,69,69,77,69,103,7,13]} 1. e4 d5 2. exd5 Qxd5 3. Nf3 Nf6 4. d4 Bf5 5. Be2 e6 (5... c6 6. O-O e6 7. c4 Qd6 8. Nh4 Bg6 9. Nc3 Be7 10. g3 O-O 11. Nxg6 hxg6 12. Bf4 {½-½ (25) Lupulescu,C (2620)-Laznicka,V (2654) Germany 2018}) 6. O-O {B01: Scandinavian Defence} Be7 7. c4 Qd8 8. Nc3 c6 {LiveBook: 9 Games} 9. Bf4 O-O 10. Qb3 Qc8 11. Rac1 Rd8 12. Rfd1 Nbd7 {[%cal Bb8d7,Bd7f6,Bf6d5][%mdl 32]} 13. h3 $146 Ne4 14. Nxe4 Bxe4 {[#]} 15. Nd2 (15. d5 $1 $16 {[%mdl 512]}) 15... Bg6 16. c5 Nf6 17. Nc4 Nd5 18. Bg3 Bg5 19. Ra1 Bf4 20. Nd6 Bxd6 21. Bxd6 Rd7 22. h4 h6 23. Qg3 Kh7 24. h5 Bf5 25. Rac1 Kh8 26. Be5 {[%csl Ge5][%cal Rg3g7]} Qg8 27. Qf3 f6 28. Bd6 Re8 29. Re1 Qf7 30. Bc4 Bh7 31. Re2 Rdd8 32. Rce1 Bg8 33. Bd3 Bh7 {[#]} 34. Bxh7 $1 Kxh7 35. Rxe6 Rxe6 36. Qf5+ g6 37. hxg6+ Qxg6 38. Qxg6+ ({White should try} 38. Qxe6 $16 Rg8 39. g3) 38... Kxg6 $14 39. Rxe6 $16 {KRB-KRN} Kf5 40. Re2 Rg8 41. f3 h5 42. Kf2 Rh8 43. b4 (43. a4 $16) 43... a6 {Precision: White = 45%, Black = 53%.} 1/2-1/2

[Event "DEN-chT XtraCon 2018-19"]
[Site "Denmark"]
[Date "2018.10.28"]
[Round "2"]
[White "Andersen, Ib Hother"]
[Black "Skousen, Nikolai"]
[Result "0-1"]
[WhiteElo "2145"]
[BlackElo "2226"]
[Annotator "TA"]
[PlyCount "28"]
[EventDate "2018.10.27"]
[EventType "team-tourn"]
[EventCountry "DEN"]
[SourceTitle "playchess.com"]
[Source "ChessBase"]
[SourceQuality "1"]

{[%evp 21,28,33,42,-43,-47,-283,-280,-276,-279]} 1. e4 c5 2. Nf3 g6 3. d4 cxd4 4. Nxd4 Nc6 5. c4 Nf6 6. Nc3 d6 7. Be2 Nxd4 8. Qxd4 Bg7 9. Be3 O-O 10. Qd2 a5 {B36: Sicilian: Maroczy Bind: Gurgenidze System} 11. O-O a4 {LiveBook: 242 Games} 12. b4 (12. Rac1 $14) (12. Bd4 Be6 13. f4 Qa5 14. Rad1 Rac8 15. b3 axb3 16. axb3 b5 17. Bxf6 Bxf6 18. Nxb5 Qxd2 19. Rxd2 Ra8 20. Nc7 Ra3 21. Nxe6 fxe6 {1-0 (58) Yu,Y (2759)-Bu,X (2718) Hangzhou 2018}) 12... axb3 $1 $15 13. axb3 $146 ({White should play} 13. f3 $15) ({Predecessor:} 13. a4 Qa5 14. Rab1 b2 15. Rxb2 Ng4 16. Bd4 Bxd4 17. Qxd4 Qe5 18. Qd2 Qxh2# {0-1 (18) Wisniowska,K (2037)-Kislinsky,A (2521) Wroclaw 2011}) 13... Rxa1 $19 14. Rxa1 {[#]} Nxe4 $1 {[%mdl 512]} 0-1

[Event "DEN-chT XtraCon 2018-19"]
[Site "Denmark"]
[Date "2018.10.28"]
[Round "2"]
[White "Jorgensen, Dennis"]
[Black "Rosenkilde, Alexander"]
[Result "1/2-1/2"]
[WhiteElo "2124"]
[BlackElo "2239"]
[Annotator "TA"]
[PlyCount "76"]
[EventDate "2018.10.27"]
[EventType "team-tourn"]
[EventCountry "DEN"]
[SourceTitle "playchess.com"]
[Source "ChessBase"]
[SourceQuality "1"]

{[%evp 18,76,-14,-12,0,-5,-3,-28,-37,-28,-22,-25,18,10,145,110,112,120,127,124,114,97,177,139,203,82,137,136,132,100,132,127,139,117,114,107,186,184,215,194,185,128,187,192,339,341,339,289,272,0,0,0,0,0,0,0,0,0,0,0,0]} 1. d4 Nf6 2. Nf3 e6 3. e3 c5 4. c4 d5 5. a3 b6 (5... Nc6 6. dxc5 Bxc5 7. b4 Be7 8. Bb2 O-O 9. Nbd2 a5 10. b5 Nb8 11. g4 Nbd7 12. g5 Ne8 13. h4 Nc5 14. Qc2 b6 15. cxd5 Bb7 16. dxe6 fxe6 17. Rh3 Rc8 18. Rd1 Nd6 {1-0 (30) Carlsen,M (2834)-Olafsson,H (2508) chess.com INT 2018}) 6. Nc3 {D30: Queen's Gambit Declined: Systems without Nc3} Be7 7. Bd3 O-O 8. cxd5 exd5 9. Ne5 Bb7 10. O-O {LiveBook: 8 Games} Nbd7 11. Qc2 a6 12. f4 b5 $146 ({Predecessor:} 12... c4 13. Be2 b5 14. Bf3 Nb6 15. Bd2 Ne8 16. Kh1 Nd6 17. Ne2 Re8 18. Ba5 {1-0 (42) Rau,H-Werle,J (2190) Oropesa del Mar 1998}) 13. Bf5 g6 14. Bh3 Nb6 15. dxc5 Nc4 (15... Bxc5 $11 16. Nxb5 Ne4) 16. b4 Qc7 17. Nxc4 dxc4 18. Bb2 Rad8 19. Rad1 Qc6 (19... Rfe8 $16) 20. Rfe1 Nh5 {[#]} (20... a5 $16 {was worth a try.} 21. e4 Qc7 22. Nxb5 Rxd1 23. Qxd1 (23. Nxc7 Rxe1+ 24. Kf2 Rxe4 $11) 23... Qc6) 21. Ne2 (21. Bg4 $1 $18 {has better winning chances.}) 21... f5 (21... Bh4 $142) 22. Nd4 $16 ({Don't play} 22. Qc3 $6 Bf6 $11) ({Don't do} 22. Rxd8 $6 Rxd8 23. Nd4 Qd7 $14) 22... Qc8 23. Qe2 Nf6 24. a4 Bc6 25. axb5 axb5 26. g3 Ne4 (26... Be4 $16 {might work better.}) 27. Bg2 $18 Qb7 28. Nxc6 Qxc6 29. Qc2 (29. g4 $18) 29... Rxd1 (29... Kf7 $16 30. Be5 Rxd1 31. Rxd1 Ra8) 30. Rxd1 ({Don't take} 30. Qxd1 $6 Rd8 $16) 30... Rd8 (30... Kf7 $142 31. Be5 Ke6) 31. Rxd8+ Bxd8 32. Bxe4 Qxe4 33. Qc3 $2 (33. Qxe4 $18 fxe4 34. g4) 33... Bf6 $1 $11 {[%cal Rf6c3] The position is equal.} 34. Qxf6 {[%csl Gb2][%cal Rf6g7] [#]} Qxe3+ 35. Kg2 {[%csl Gb2][%cal Rf6g7]} Qe2+ 36. Kh3 {[%csl Gb2][%cal Rf6g7]} Qg4+ $1 37. Kg2 {[%csl Gb2][%cal Rf6g7]} Qe2+ 38. Kh3 {[%csl Gb2][%cal Rf6g7]} Qg4+ $1 {Precision: White = 63%, Black = 33%.} 1/2-1/2

[Event "DEN-chT XtraCon 2018-19"]
[Site "Denmark"]
[Date "2018.11.18"]
[Round "3"]
[White "Hansen, Sune Berg"]
[Black "Rodgaard, John"]
[Result "1-0"]
[WhiteElo "2581"]
[BlackElo "2285"]
[Annotator "TA"]
[PlyCount "69"]
[EventDate "2018.10.27"]
[EventType "team-tourn"]
[EventCountry "DEN"]
[SourceTitle "playchess.com"]
[Source "ChessBase"]
[SourceQuality "1"]

{[%evp 18,69,35,31,49,36,41,31,50,11,39,36,29,16,40,24,21,18,31,33,38,37,40,40,42,44,53,58,62,58,73,78,83,102,95,35,65,64,66,84,210,225,199,217,274,265,277,263,812,810,756,754,737,733]} 1. d4 d5 2. c4 c6 3. Nf3 Nf6 4. Nbd2 Bf5 5. Nh4 (5. Qb3 Qb6 6. Nh4 Be4 7. e3 e6 8. Be2 Be7 9. Nxe4 dxe4 10. g3 c5 11. Bd2 cxd4 12. exd4 Nc6 13. Bc3 O-O-O {1-0 (49) Mamedyarov,S (2808)-So,W (2778) Leuven 2018}) 5... Be6 6. e3 {D11: Slav Defence: 3 Nf3 sidelines and 3...Nf6 4 e3 Bg4} g6 7. b3 Bg7 8. Bb2 O-O 9. Be2 Ne4 10. O-O {LiveBook: 4 Games} Nd7 11. Nhf3 Nxd2 12. Qxd2 Bg4 $146 ({Predecessor:} 12... h6) 13. Qb4 Rb8 (13... e5 $5 14. dxe5 dxc4 $14) 14. cxd5 cxd5 15. Rac1 Nf6 16. Ba3 Re8 17. Bb5 Bd7 18. Ne5 a6 19. Bd3 $36 {[%mdl 2048] White is pushing.} Bf8 {[#] Strongly threatening ...e6.} 20. Qd2 Ng4 21. Nf3 Qb6 22. Bc5 Qe6 23. h3 Nh6 $1 24. Rfe1 Nf5 25. e4 dxe4 26. Bc4 (26. Bxe4 $16 {Threatens to win with g4.} Qf6 27. Ne5) 26... Qf6 $1 $14 27. Ne5 Be6 $1 {[#] Hoping for ...Bh6.} ({Don't go for} 27... Bh6 $2 28. Qc2 $18) 28. Ng4 (28. Rxe4 Bh6 $17) 28... Qh8 (28... Qh4 $16 {might work better.}) 29. Bxe6 $18 ({Weaker is} 29. Rxe4 Bxc4 30. bxc4 h5 $14) 29... fxe6 30. Rxe4 Red8 31. Bb6 {[%cal Bc5b6,Bb6c7,Bc7b8,Bb8e5][%mdl 32]} Rd7 32. Bc7 Nxd4 $2 (32... Re8 33. Qe1 e5) 33. Bxb8 {White is clearly winning.} Nf3+ 34. gxf3 Rxd2 35. Be5 {Accuracy: White = 69%, Black = 39%.} 1-0

[Event "DEN-chT XtraCon 2018-19"]
[Site "Denmark"]
[Date "2018.11.18"]
[Round "3"]
[White "David, Alberto"]
[Black "Rostgaard, Tobias Valentin"]
[Result "1-0"]
[WhiteElo "2555"]
[BlackElo "2372"]
[Annotator "ChessBase"]
[PlyCount "79"]
[EventDate "2018.10.27"]
[EventType "team-tourn"]
[EventCountry "DEN"]
[SourceTitle "playchess.com"]
[Source "ChessBase"]
[SourceQuality "1"]
[TimeControl "40/5400+30:1800+30"]

1. Nf3 {[%emt 0:00:01]} Nf6 {[%emt 0:00:09]} 2. g3 {[%emt 0:00:44]} g6 {[%emt 0:01:06]} 3. Bg2 {[%emt 0:04:01]} Bg7 {[%emt 0:00:07]} 4. O-O {[%emt 0:00:05]} O-O {[%emt 0:00:06]} 5. d3 {[%emt 0:01:48]} c5 {[%emt 0:01:18]} 6. e4 {[%emt 0:00:37]} Nc6 {[%emt 0:00:11]} 7. c3 {[%emt 0:02:01]} d6 {[%emt 0:01:31]} 8. Re1 {[%emt 0:02:04]} Rb8 {[%emt 0:01:10]} 9. h3 {[%emt 0:04:59]} b5 {[%emt 0:01:36]} 10. d4 {[%emt 0:05:05]} Nd7 {[%emt 0:01:40]} 11. a3 {[%emt 0:16:00]} e5 {[%emt 0:06:24]} 12. Be3 {[%emt 0:05:46]} exd4 {[%emt 0:00:11]} 13. cxd4 {[%emt 0:00:03]} Na5 {[%emt 0:01:39]} 14. Nc3 {[%emt 0:02:42]} h6 {[%emt 0:11:41]} 15. Bf4 {[%emt 0:11:45]} Nc4 {[%emt 0:04:27]} 16. dxc5 {[%emt 0:07:22]} Nxc5 {[%emt 0:02:26]} 17. Qc2 {[%emt 0:05:32]} g5 {[%emt 0:06:45]} 18. Bc1 {[%emt 0:00:44]} Be6 {[%emt 0:01:53]} 19. Rb1 {[%emt 0:05:45]} f5 {[%emt 0:02:11]} 20. b4 {[%emt 0:04:59]} Nxe4 {[%emt 0:05:15]} 21. Nxe4 {[%emt 0:02:38]} fxe4 {[%emt 0:00:06]} 22. Qxe4 {[%emt 0:00:17]} Bf5 {[%emt 0:00:18]} 23. Qd5+ {[%emt 0:00:05]} Kh8 {[%emt 0:00:27]} 24. Rb3 {[%emt 0:00:15]} Qf6 {[%emt 0:07:39]} 25. Bd2 {[%emt 0:04:59]} Nxd2 {[%emt 0:00:31]} 26. Qxd2 {[%emt 0:00:21]} Rbc8 {[%emt 0:01:54]} 27. Rbe3 {[%emt 0:02:27]} Rc2 {[%emt 0:13:50]} 28. Qd5 {[%emt 0:00:08]} Bd7 {[%emt 0:01:16]} 29. Qb7 {[%emt 0:06:44]} Bc6 {[%emt 0:08:01]} 30. Qxa7 {[%emt 0:00:05]} Qb2 {[%emt 0:01:08]} 31. Rd3 {[%emt 0:00:58]} Rc3 {[%emt 0:08:23]} 32. Qe3 {[%emt 0:02:30]} Rxd3 {[%emt 0:08:27]} 33. Qxd3 {[%emt 0:00:02]} Qf6 {[%emt 0:00:42]} 34. Re3 {[%emt 0:00:31]} h5 {[%emt 0:00:46]} 35. Qe2 {[%emt 0:00:40]} Kg8 {[%emt 0:01:38]} 36. h4 {[%emt 0:01:43]} Qa1+ {[%emt 0:00:19]} 37. Kh2 {[%emt 0:00:07]} Bxf3 {[%emt 0:00:43]} 38. Rxf3 {[%emt 0:00:58]} Rxf3 {[%emt 0:00:32]} 39. Bxf3 {[%emt 0:01:09]} gxh4 {[%emt 0:00:28]} 40. Qe5 1-0

[Event "DEN-chT XtraCon 2018-19"]
[Site "Denmark"]
[Date "2018.11.18"]
[Round "3"]
[White "Tikkanen, Hans"]
[Black "Jacobsen, Mikkel Manosri"]
[Result "1-0"]
[WhiteElo "2527"]
[BlackElo "2313"]
[Annotator "TA"]
[PlyCount "47"]
[EventDate "2018.10.27"]
[EventType "team-tourn"]
[EventCountry "DEN"]
[SourceTitle "playchess.com"]
[Source "ChessBase"]
[SourceQuality "1"]

{[%evp 11,47,8,22,16,31,10,24,18,28,20,26,16,68,41,81,73,114,117,291,291,595,610,661,684,994,997,985,997,975,1000,976,977,937,949,1380,1315,2087,2071]} 1. d4 Nf6 2. Nf3 e6 3. e3 c5 4. Bd3 b6 5. O-O Bb7 6. c4 d5 7. cxd5 {E14: Queen's Indian: Classical Variation (4 e3)} exd5 8. Ne5 (8. Nc3 Nbd7 9. b3 Bd6 10. Bb2 O-O 11. Rc1 Rc8 12. Ne2 Re8 13. Ng3 Ne4 14. dxc5 Bxg3 15. hxg3 bxc5 16. Nd2 Ndf6 17. Nxe4 Nxe4 18. Qg4 g6 19. f3 Nd6 20. Rxc5 {1-0 (64) Mchedlishvili,M (2656)-Polgar,J (2709) Konya 2012}) 8... Nbd7 9. f4 {White has an edge.} Bd6 10. Nc3 $146 ({Predecessor:} 10. Nd2 Rc8 11. Qf3 a6 12. b3 Qc7 13. Qg3 Bf8 14. Bb2 h6 {1-0 (24) Pedersen,L (1669)-Engevik,B (1516) Blindern 2002}) 10... a6 11. Qf3 Qc7 (11... b5 $11) 12. Bd2 {[%cal Bc1d2,Bd2e1,Be1h4][%mdl 32]} h6 13. Be1 b5 14. Bh4 g5 $2 {[#]} (14... Rd8 $16) 15. fxg5 $18 Bxe5 $2 (15... hxg5 {is more resistant.} 16. Bxg5 Bxe5 17. dxe5 Qxe5 18. Bxf6 Qxh2+ 19. Kf2 Ne5 20. Bxe5 Qxe5) 16. dxe5 {White is clearly winning.} ({Less strong is} 16. gxf6 cxd4 17. exd4 (17. Nxd5 Qd6 $16) 17... Bxd4+ 18. Kh1 Kd8 $18) 16... d4 17. Ne4 Nxe4 18. Qxf7+ Kd8 19. g6+ Ng5 20. g7 Qxe5 21. gxh8=Q+ Qxh8 22. Bf5 {[%csl Gf5][%cal Rf7d7]} Bc6 23. Bxd7 {[%mdl 64] [#] Overworked Piece} Bxd7 24. Qd5 {[%mdl 64] Double Attack. Accuracy: White = 62%, Black =  8%.} 1-0

[Event "DEN-chT XtraCon 2018-19"]
[Site "Denmark"]
[Date "2018.11.18"]
[Round "3"]
[White "Genov, Petar"]
[Black "Nielsen, Thomas Bach"]
[Result "0-1"]
[WhiteElo "2445"]
[BlackElo "2122"]
[Annotator "ChessBase"]
[PlyCount "80"]
[EventDate "2018.10.27"]
[EventType "team-tourn"]
[EventCountry "DEN"]
[SourceTitle "playchess.com"]
[Source "ChessBase"]
[SourceQuality "1"]
[TimeControl "40/5400+30:1800+30"]

1. Nf3 {[%emt 0:00:08]} d5 {[%emt 0:00:34]} 2. d4 {[%emt 0:00:59]} Nf6 {[%emt 0:01:55]} 3. c4 {[%emt 0:02:06]} e6 {[%emt 0:02:44]} 4. g3 {[%emt 0:03:05]} Be7 {[%emt 0:03:42]} 5. Bg2 {[%emt 0:00:47]} O-O {[%emt 0:01:44]} 6. O-O {[%emt 0:01:44]} Nbd7 {[%emt 0:05:59]} 7. Nbd2 {[%emt 0:09:17]} c6 {[%emt 0:03:40]} 8. b3 {[%emt 0:10:24]} a5 {[%emt 0:04:32]} 9. a3 {[%emt 0:18:53]} b6 {[%emt 0:15:43]} 10. Bb2 {[%emt 0:03:11]} Bb7 {[%emt 0:02:51]} 11. Rc1 {[%emt 0:05:49]} c5 {[%emt 0:05:33]} 12. a4 {[%emt 0:14:59]} Rc8 {[%emt 0:11:47]} 13. e3 {[%emt 0:02:54]} cxd4 {[%emt 0:13:05]} 14. Nxd4 {[%emt 0:03:55]} Nc5 {[%emt 0:02:05]} 15. Qe2 {[%emt 0:03:16]} Re8 {[%emt 0:06:13]} 16. Rfd1 {[%emt 0:01:27]} Bf8 {[%emt 0:01:56]} 17. Nb5 {[%emt 0:02:47]} Qe7 {[%emt 0:02:26]} 18. Ba3 {[%emt 0:06:25]} dxc4 {[%emt 0:01:25]} 19. Bxc5 {[%emt 0:01:38]} Rxc5 {[%emt 0:01:10]} 20. Nxc4 {[%emt 0:01:26]} Bxg2 {[%emt 0:00:20]} 21. Kxg2 {[%emt 0:00:07]} Nd5 {[%emt 0:03:24]} 22. Ncd6 {[%emt 0:02:24]} Rxc1 {[%emt 0:01:56]} 23. Rxc1 {[%emt 0:00:05]} Rd8 {[%emt 0:00:08]} 24. e4 {[%emt 0:01:17]} Qg5 {[%emt 0:00:28]} 25. Qd1 {[%emt 0:02:05]} Bxd6 {[%emt 0:05:11]} 26. exd5 {[%emt 0:00:38]} exd5 {[%emt 0:01:02]} 27. Nxd6 {[%emt 0:01:01]} Rxd6 {[%emt 0:00:02]} 28. Rc8+ {[%emt 0:00:32]} Rd8 {[%emt 0:00:02]} 29. Rc6 {[%emt 0:00:29]} d4 {[%emt 0:01:04]} 30. Rxb6 {[%emt 0:00:05]} d3 {[%emt 0:01:36]} 31. Rb5 {[%emt 0:00:36]} Qe7 {[%emt 0:00:23]} 32. Rf5 {[%emt 0:00:59]} d2 {[%emt 0:00:48]} 33. Kf1 {[%emt 0:00:28]} Qe4 {[%emt 0:00:20]} 34. Rf4 {[%emt 0:00:32]} Qd3+ {[%emt 0:00:08]} 35. Kg2 {[%emt 0:00:22]} Re8 {[%emt 0:00:49]} 36. Rf3 {[%emt 0:00:35]} Qd5 {[%emt 0:00:16]} 37. Kh3 {[%emt 0:00:25]} Re1 {[%emt 0:00:44]} 38. Re3 {[%emt 0:00:39]} Qd7+ {[%emt 0:00:12]} 39. Qg4 {[%emt 0:00:13]} Qxg4+ {[%emt 0:00:16]} 40. Kxg4 {[%emt 0:00:06]} Rxe3 {[%emt 0:00:09]} 0-1